[Event "43º Torneo Internacional de Ajedrez de La Roda"]
[Site "La Roda (Albacete) - ESPAÑA"]
[Date "2016.03.27"]
[Round "8"]
[Board "1"]
[White "Bachmann, Axel"]
[Black "Granda Zuniga, Julio E"]
[Result "1/2-1/2"]
[WhiteElo "2609"]
[BlackElo "2688"]
[PlyCount "74"]
[EventDate "2016.03.23"]
[EventRounds "9"]
[EventCountry "ESP"]

1. d4 d5 2. Nf3 Nf6 3. c4 e6 4. g3 Bb4+ 5. Bd2 Be7 6. Bg2 c6 7. Qc2 b6 8. Bf4
Bb7 9. O-O Nbd7 10. Nc3 dxc4 11. Nd2 Nd5 12. Nxc4 Nxf4 13. gxf4 O-O 14. Rfd1
Nf6 15. Ne5 Nd5 16. e3 Rc8 17. Rac1 Bd6 18. Qa4 Bb8 19. Nxd5 cxd5 20. Bf1 g5
21. Qd7 Bxe5 22. Qxd8 Rfxd8 23. fxe5 f5 24. Be2 Kf7 25. h3 Rxc1 26. Rxc1 Rc8
27. Rxc8 Bxc8 28. f4 h6 29. b4 Bd7 30. b5 Kg6 31. Kf2 h5 32. h4 g4 33. a4 Kf7
34. Bf1 Ke7 35. Be2 Be8 36. Bf1 Bd7 37. Be2 Be8 1/2-1/2

[Event "43º Torneo Internacional de Ajedrez de La Roda"]
[Site "La Roda (Albacete) - ESPAÑA"]
[Date "2016.03.27"]
[Round "8"]
[Board "2"]
[White "Grigoryan, Karen H."]
[Black "Lopez Martinez, Josep Manuel"]
[Result "1-0"]
[WhiteElo "2612"]
[BlackElo "2549"]
[PlyCount "75"]
[EventDate "2016.03.23"]
[EventRounds "9"]
[EventCountry "ESP"]

1. d4 d5 2. c4 c6 3. Nf3 Nf6 4. Nc3 e6 5. e3 Nbd7 6. Qc2 Bd6 7. Bd3 O-O 8. O-O
dxc4 9. Bxc4 a6 10. Rd1 Qc7 11. Ne4 Nxe4 12. Qxe4 c5 13. Bd3 Nf6 14. Qh4 c4 15.
Bc2 b5 16. e4 e5 17. dxe5 Bxe5 18. Nxe5 Qxe5 19. Qf4 Qxf4 20. Bxf4 Be6 21. Bd2
Nd7 22. Bc3 Nc5 23. f4 Bg4 24. Rd5 Ne6 25. Kf2 f5 26. Kg3 Rad8 27. Rxd8 Nxd8
28. a4 h5 29. axb5 axb5 30. Ra7 Nf7 31. exf5 Rd8 32. f6 b4 33. Bxb4 gxf6 34.
Be7 Rd2 35. Ra8+ Kg7 36. Bf8+ Kg8 37. Bb4+ Rd8 38. Rxd8+ 1-0

[Event "43º Torneo Internacional de Ajedrez de La Roda"]
[Site "La Roda (Albacete) - ESPAÑA"]
[Date "2016.03.27"]
[Round "8"]
[Board "3"]
[White "Sedlak, Nikola"]
[Black "Greenfeld, Alon"]
[Result "1/2-1/2"]
[WhiteElo "2547"]
[BlackElo "2537"]
[PlyCount "105"]
[EventDate "2016.03.23"]
[EventRounds "9"]
[EventCountry "ESP"]

1. e4 e5 2. Nf3 Nc6 3. Bb5 a6 4. Ba4 Nf6 5. d3 d6 6. c4 g6 7. Nc3 Bg7 8. h3 O-O
9. Be3 Nd7 10. Bxc6 bxc6 11. g4 Bb7 12. Ne2 f5 13. gxf5 gxf5 14. exf5 Rxf5 15.
Ng3 Rf8 16. Rg1 Qe8 17. Nh4 Kh8 18. Nhf5 Bf6 19. Qe2 Rg8 20. O-O-O Qe6 21. Nh6
Rg6 22. h4 c5 23. h5 Rg5 24. Ne4 Rxg1 25. Rxg1 Rf8 26. f3 Bg7 27. Ng4 Rg8 28.
Bg5 Bf8 29. Bh4 Qf5 30. Kc2 Bxe4 31. dxe4 Qxh5 32. Bd8 c6 33. Bf6+ Bg7 34. Be7
Bf8 35. Bxf8 Rxf8 36. Qd1 Qf7 37. Qxd6 Qxc4+ 38. Kb1 Qd4 39. Rd1 Qxd6 40. Rxd6
h5 41. Rh6+ Kg7 42. Rxh5 Rxf3 43. Nxe5 Rf1+ 44. Kc2 Rf2+ 45. Kb3 Nb6 46. a4 a5
47. Nxc6 Rf3+ 48. Ka2 Nxa4 49. Nxa5 Rf2 50. Nc4 Nc3+ 51. Kb3 Nxe4 52. Re5 Rf4
53. Re6 1/2-1/2

[Event "43º Torneo Internacional de Ajedrez de La Roda"]
[Site "La Roda (Albacete) - ESPAÑA"]
[Date "2016.03.27"]
[Round "8"]
[Board "4"]
[White "Bernal Moro, Luis Javier"]
[Black "Baklan, Vladimir"]
[Result "0-1"]
[WhiteElo "2412"]
[BlackElo "2617"]
[PlyCount "74"]
[EventDate "2016.03.23"]
[EventRounds "9"]
[EventCountry "ESP"]

1. c4 Nf6 2. Nc3 g6 3. e4 d6 4. d4 Bg7 5. f4 O-O 6. Nf3 Na6 7. Bd3 Bg4 8. Be3
Nd7 9. Be2 c5 10. d5 Bxf3 11. Bxf3 Nb6 12. Qe2 Qe8 13. O-O Na4 14. Nxa4 Qxa4
15. b3 Qd7 16. Rad1 Rab8 17. a4 Nc7 18. e5 Rbe8 19. Bg4 Qd8 20. e6 f5 21. Bf3
Na6 22. g4 Qb6 23. gxf5 Rxf5 24. Be4 Ref8 25. Bxf5 Rxf5 26. Kh1 Qd8 27. Rg1 Bf6
28. Rg4 Qf8 29. Qd3 Kh8 30. Rdg1 Nb4 31. Qe4 a5 32. R1g3 Rh5 33. Bd2 Qg7 34. f5
Be5 35. fxg6 Bxg3 36. Rxg3 Na2 37. gxh7 Qxg3 0-1

[Event "43º Torneo Internacional de Ajedrez de La Roda"]
[Site "La Roda (Albacete) - ESPAÑA"]
[Date "2016.03.27"]
[Round "8"]
[Board "5"]
[White "Perez Candelario, Manuel"]
[Black "Santos Ruiz, Miguel"]
[Result "1/2-1/2"]
[WhiteElo "2562"]
[BlackElo "2416"]
[PlyCount "36"]
[EventDate "2016.03.23"]
[EventRounds "9"]
[EventCountry "ESP"]

1. e4 c5 2. Nf3 e6 3. d4 cxd4 4. Nxd4 Nc6 5. Nc3 Qc7 6. Be3 a6 7. Qd2 Be7 8.
Be2 b5 9. Nxc6 dxc6 10. e5 Bb7 11. Bf4 Bb4 12. O-O Ne7 13. Rad1 c5 14. a3 Bxc3
15. Qxc3 O-O 16. Qh3 Ng6 17. Bg3 Rfd8 18. Rd6 Bd5 1/2-1/2

[Event "43º Torneo Internacional de Ajedrez de La Roda"]
[Site "La Roda (Albacete) - ESPAÑA"]
[Date "2016.03.27"]
[Round "8"]
[Board "6"]
[White "Ramiro Ovejero, Juan Luis"]
[Black "Ibarra Jerez, Jose Carlos"]
[Result "1/2-1/2"]
[WhiteElo "2377"]
[BlackElo "2561"]
[PlyCount "95"]
[EventDate "2016.03.23"]
[EventRounds "9"]
[EventCountry "ESP"]

1. d4 d6 2. e4 e5 3. Nf3 exd4 4. Nxd4 Nf6 5. Nc3 Be7 6. g3 d5 7. e5 Ng4 8. Bg2
O-O 9. Nxd5 Bc5 10. c3 Nxe5 11. O-O Bg4 12. f3 Be6 13. Ne3 Bc4 14. Nxc4 Nxc4
15. b3 Nc6 16. bxc4 Nxd4 17. Kh1 Nf5 18. Qd5 Qxd5 19. cxd5 Rae8 20. Bf4 Ne3 21.
Bxe3 Rxe3 22. f4 b6 23. c4 Rfe8 24. a4 Rc3 25. Rfc1 Rxc1+ 26. Rxc1 Re2 27. Bh3
h5 28. Bd7 h4 29. Bg4 Ra2 30. Bd7 g6 31. Re1 Kg7 32. gxh4 Rf2 33. Re4 f5 34.
Re6 Rxf4 35. Be8 Rg4 36. h3 Rg1+ 37. Kh2 f4 38. h5 g5 39. h6+ Kh7 40. Bh5 Rg3
41. Bg4 Bg1+ 42. Kh1 Bd4 43. Bf5+ Kg8 44. h7+ Kf7 45. Kh2 Bg1+ 46. Kh1 Bd4 47.
Kh2 Bg1+ 48. Kh1 1/2-1/2

[Event "43º Torneo Internacional de Ajedrez de La Roda"]
[Site "La Roda (Albacete) - ESPAÑA"]
[Date "2016.03.27"]
[Round "8"]
[Board "7"]
[White "Popovic, Dusan"]
[Black "Pilgaard, Kim"]
[Result "1-0"]
[WhiteElo "2536"]
[BlackElo "2377"]
[PlyCount "65"]
[EventDate "2016.03.23"]
[EventRounds "9"]
[EventCountry "ESP"]

1. e4 e5 2. Nc3 Nf6 3. g3 d5 4. exd5 Nxd5 5. Bg2 Nxc3 6. bxc3 Bc5 7. d3 O-O 8.
Nf3 Nc6 9. O-O Bg4 10. Re1 Re8 11. h3 Bh5 12. Be3 Bxe3 13. Rxe3 f6 14. Qb1 Rb8
15. Qb2 Qd7 16. Rae1 Na5 17. Nd2 c5 18. Nb3 Nxb3 19. axb3 a5 20. c4 b6 21. Kh2
Bf7 22. Qa1 Red8 23. Be4 Bg6 24. R1e2 Bxe4 25. Rxe4 Kf8 26. Qh1 Qb7 27. Qf3 Kg8
28. Qh5 Qf7 29. Qf5 Rd6 30. R4e3 Rd4 31. Re4 g6 32. Qf3 Rbd8 33. Rxd4 1-0

[Event "43º Torneo Internacional de Ajedrez de La Roda"]
[Site "La Roda (Albacete) - ESPAÑA"]
[Date "2016.03.27"]
[Round "8"]
[Board "8"]
[White "Alvarez Pedraza, Aramis"]
[Black "Jimenez Martinez, Jose Vicente"]
[Result "1-0"]
[WhiteElo "2440"]
[BlackElo "2335"]
[PlyCount "83"]
[EventDate "2016.03.23"]
[EventRounds "9"]
[EventCountry "ESP"]

1. d4 g6 2. c4 Bg7 3. Nf3 d6 4. Nc3 Nf6 5. e4 O-O 6. Be2 e5 7. O-O Nc6 8. d5
Ne7 9. Ne1 Ne8 10. Be3 f5 11. f3 f4 12. Bf2 g5 13. g4 fxg3 14. hxg3 h5 15. Be3
Ng6 16. Qd2 Bf6 17. Nd3 Rf7 18. c5 Rg7 19. Kf2 Nf4 20. Rh1 Nxe2 21. Kxe2 h4 22.
g4 Kh7 23. b4 b6 24. cxb6 cxb6 25. b5 a5 26. Rhc1 Rb7 27. Na4 Bd7 28. Rab1 Nc7
29. Nxb6 Nxb5 30. Nxa8 Qxa8 31. a4 Nd4+ 32. Bxd4 exd4 33. Rxb7 Qxb7 34. Qxa5
Qb3 35. Rc7 Qa2+ 36. Qd2 Qxa4 37. Qb4 Qa2+ 38. Kd1 h3 39. Rxd7+ Kg6 40. Rxd6 h2
41. Rxf6+ Kxf6 42. Qf8+ 1-0

[Event "43º Torneo Internacional de Ajedrez de La Roda"]
[Site "La Roda (Albacete) - ESPAÑA"]
[Date "2016.03.27"]
[Round "8"]
[Board "9"]
[White "Stella, Andrea"]
[Black "Montoliu Cervero, Francisco"]
[Result "1-0"]
[WhiteElo "2419"]
[BlackElo "2331"]
[PlyCount "69"]
[EventDate "2016.03.23"]
[EventRounds "9"]
[EventCountry "ESP"]

1. c4 Nf6 2. Nf3 e6 3. g3 d5 4. Bg2 dxc4 5. Qa4+ Nbd7 6. Qxc4 a6 7. Qc2 c5 8.
Nc3 Qc7 9. d4 b5 10. d5 Nxd5 11. Nxd5 exd5 12. e4 Bb7 13. exd5 Bd6 14. Qe2+ Kf8
15. O-O Bxd5 16. Rd1 Bc6 17. Be3 Re8 18. Qd3 Be7 19. Bf4 Qb7 20. Qf5 Nf6 21.
Bd6 Kg8 22. Bxe7 Qxe7 23. Re1 Be4 24. Qf4 Qb7 25. Nh4 h6 26. Re3 Bxg2 27. Rxe8+
Nxe8 28. Nxg2 Qd7 29. Ne3 Nf6 30. Rd1 Qc8 31. Nf5 Kh7 32. Rd6 Ng8 33. Qe5 f6
34. Qe4 g6 35. Qd5 1-0

[Event "43º Torneo Internacional de Ajedrez de La Roda"]
[Site "La Roda (Albacete) - ESPAÑA"]
[Date "2016.03.27"]
[Round "8"]
[Board "10"]
[White "Cabezas Ayala, Ivan"]
[Black "Perez Mitjans, Orelvis"]
[Result "0-1"]
[WhiteElo "2327"]
[BlackElo "2442"]
[PlyCount "40"]
[EventDate "2016.03.23"]
[EventRounds "9"]
[EventCountry "ESP"]

1. Nf3 c5 2. g3 Nc6 3. Bg2 Nf6 4. O-O d5 5. d3 e6 6. Nbd2 Be7 7. e4 O-O 8. Re1
b5 9. Nf1 b4 10. h4 a5 11. e5 Nd7 12. Bf4 a4 13. N1h2 Ba6 14. Ng5 h6 15. Qh5
Nd4 16. Ng4 hxg5 17. hxg5 g6 18. Qh3 Bxg5 19. Nf6+ Bxf6 20. exf6 Qxf6 0-1

[Event "43º Torneo Internacional de Ajedrez de La Roda"]
[Site "La Roda (Albacete) - ESPAÑA"]
[Date "2016.03.27"]
[Round "8"]
[Board "11"]
[White "Suarez Uriel, Adrian"]
[Black "Forcen Esteban, Daniel"]
[Result "1/2-1/2"]
[WhiteElo "2310"]
[BlackElo "2549"]
[PlyCount "186"]
[EventDate "2016.03.23"]
[EventRounds "9"]
[EventCountry "ESP"]

1. Nf3 Nf6 2. e3 d5 3. c4 e6 4. Nc3 Be7 5. b3 O-O 6. Be2 c5 7. cxd5 Nxd5 8. O-O
Nc6 9. Bb2 e5 10. Rc1 Ndb4 11. Ne1 Bf5 12. e4 Be6 13. a3 Na6 14. Na4 Na5 15.
Rc3 Rb8 16. Bg4 b5 17. Bxe6 fxe6 18. Rd3 Qc8 19. Nc3 Nxb3 20. Nxb5 c4 21. Nxa7
Qc5 22. Rd7 Rbd8 23. Qg4 Rxd7 24. Qxe6+ Rf7 25. Qxd7 Bf8 26. Qe6 Qxa7 27. Nf3
Nac5 28. Qxc4 Qa4 29. Qxa4 Nxa4 30. Bxe5 Rxf3 31. gxf3 Nxd2 32. Bxg7 Bxg7 33.
Rc1 Bc3 34. Kg2 Kf7 35. Kg3 Kg6 36. Kf4 Nc4 37. Rg1+ Kf6 38. Rg8 Nc5 39. Kg3
Be5+ 40. Kg2 Nd3 41. a4 Kf7 42. Rd8 Ne1+ 43. Kh1 Nxf3 44. Rd5 Nb6 45. Ra5 Nd7
46. Ra7 Ke6 47. Ra6+ Bd6 48. a5 Nd2 49. Ra8 Nxe4 50. a6 Nxf2+ 51. Kg2 Bc5 52.
a7 Bxa7 53. Rxa7 Ng4 54. Ra6+ Kf5 55. Ra7 Ngf6 56. Ra5+ Ne5 57. Ra7 Ng6 58. h4
h5 59. Kh3 Ne4 60. Rf7+ Ke5 61. Rh7 Nf4+ 62. Kh2 Kd4 63. Ra7 Ke3 64. Ra3+ Kf2
65. Ra4 Kf3 66. Ra3+ Kg4 67. Ra5 Nd2 68. Rg5+ Kf3 69. Rf5 Nf1+ 70. Kg1 Ne3 71.
Rf8 Kg3 72. Rg8+ Ng4 73. Kf1 Kf3 74. Ke1 Nf6 75. Rh8 Ke3 76. Kd1 Kd3 77. Rd8+
N6d5 78. Kc1 Ke4 79. Kc2 Ne3+ 80. Kb3 Nf5 81. Rh8 Ke5 82. Rf8 Ng6 83. Ra8 Kf4
84. Ra7 Ne5 85. Ra4+ Kg3 86. Ra5 Nc6 87. Rc5 Kxh4 88. Rc1 Kg4 89. Rh1 Nh4 90.
Rg1+ Kf4 91. Rg8 Nf5 92. Rh8 h4 93. Rxh4+ Nxh4 1/2-1/2

[Event "43º Torneo Internacional de Ajedrez de La Roda"]
[Site "La Roda (Albacete) - ESPAÑA"]
[Date "2016.03.27"]
[Round "8"]
[Board "12"]
[White "Cifuentes Parada, Roberto"]
[Black "Garcia Martin, Marta"]
[Result "1/2-1/2"]
[WhiteElo "2469"]
[BlackElo "2260"]
[PlyCount "96"]
[EventDate "2016.03.23"]
[EventRounds "9"]
[EventCountry "ESP"]

1. d4 Nf6 2. Nf3 e6 3. Bg5 c5 4. e3 Be7 5. Nbd2 b6 6. Bd3 Bb7 7. O-O O-O 8. c3
cxd4 9. exd4 d6 10. a4 a6 11. Bxf6 Bxf6 12. Be4 Bxe4 13. Nxe4 Be7 14. Qd3 d5
15. Ned2 Nc6 16. Rfe1 Qc7 17. h4 h6 18. Nf1 Na5 19. Ne3 Rfc8 20. Ng4 Nc4 21.
Re2 b5 22. g3 Qb7 23. Nfe5 Bf8 24. Qf3 Rc7 25. Nd3 b4 26. Nf4 bxc3 27. bxc3 Nd6
28. Ne5 Rac8 29. Rc1 Nf5 30. Rd2 Qb3 31. Rd3 Qb2 32. Ne2 Nd6 33. g4 Be7 34. h5
Bf6 35. Rdd1 Bxe5 36. dxe5 Ne4 37. Rd3 Rc4 38. Qe3 Nc5 39. Rd2 Rxg4+ 40. Kf1
Qb7 41. Rd4 Rxd4 42. cxd4 Nxa4 43. Rxc8+ Qxc8 44. Qb3 Qc4 45. Qb8+ Kh7 46. Qb1+
Kg8 47. Qb8+ Kh7 48. Qb1+ Kg8 1/2-1/2

[Event "43º Torneo Internacional de Ajedrez de La Roda"]
[Site "La Roda (Albacete) - ESPAÑA"]
[Date "2016.03.27"]
[Round "8"]
[Board "13"]
[White "Orantes Taboada, Francisco"]
[Black "Plaskett, H James"]
[Result "0-1"]
[WhiteElo "2277"]
[BlackElo "2438"]
[PlyCount "80"]
[EventDate "2016.03.23"]
[EventRounds "9"]
[EventCountry "ESP"]

1. e4 c5 2. Nf3 e6 3. d4 cxd4 4. Nxd4 a6 5. Nc3 Qc7 6. Be3 Bb4 7. Qd2 Nf6 8.
Bd3 d5 9. exd5 Nxd5 10. O-O Nxc3 11. a3 Bd6 12. bxc3 Bxh2+ 13. Kh1 Bd6 14. Rfd1
Nd7 15. Nf3 e5 16. Bf5 Be7 17. Bxd7+ Qxd7 18. Qxd7+ Bxd7 19. Nxe5 Ba4 20. Rdb1
f6 21. Nc4 Bb5 22. Nb6 Rd8 23. a4 Bc6 24. a5 h5 25. Kg1 h4 26. Kf1 h3 27. gxh3
Bf3 28. Bd4 f5 29. Ke1 Bg5 30. Nc4 Rxh3 31. Ne3 Bxe3 32. fxe3 Rh2 33. Be5 Re2+
34. Kf1 Rdd2 35. Bg3 Bg2+ 36. Kg1 Bd5 37. Bh4 Rg2+ 38. Kf1 Bc4+ 39. Ke1 Rde2+
40. Kf1 Ref2+ 0-1

[Event "43º Torneo Internacional de Ajedrez de La Roda"]
[Site "La Roda (Albacete) - ESPAÑA"]
[Date "2016.03.27"]
[Round "8"]
[Board "14"]
[White "Santiago, Yago De Moura"]
[Black "Perez Garcia, Roberto"]
[Result "1-0"]
[WhiteElo "2409"]
[BlackElo "2144"]
[PlyCount "149"]
[EventDate "2016.03.23"]
[EventRounds "9"]
[EventCountry "ESP"]

1. c4 Nf6 2. Nc3 d5 3. cxd5 Nxd5 4. g3 g6 5. Bg2 Nb6 6. d3 Bg7 7. Be3 Nc6 8.
Bxc6+ bxc6 9. Qd2 Nd5 10. Bh6 Bxh6 11. Qxh6 Nxc3 12. Qg7 Rf8 13. Qxc3 Qd5 14.
e4 Qb5 15. Ne2 c5 16. O-O Ba6 17. Nf4 c6 18. Rfc1 g5 19. a4 Qb6 20. Ng2 O-O-O
21. Ne1 g4 22. Qe5 c4 23. dxc4 Rd2 24. c5 Qc7 25. Qg7 Qd8 26. Qxg4+ e6 27. Rd1
Be2 28. Rxd2 Qxd2 29. Qg7 Rd8 30. Qxf7 Bc4 31. Qf3 Qxb2 32. Rd1 Rxd1 33. Qxd1
Qb4 34. Nd3 Qc3 35. Nf4 Qe5 36. Qc2 Qa1+ 37. Kg2 Qf1+ 38. Kf3 e5 39. Ne2 Qh1+
40. Ke3 Bxe2 41. Kxe2 Qxh2 42. Qd3 Qh5+ 43. Ke1 Qh1+ 44. Ke2 Qh5+ 45. Qf3 Qe8
46. Qf5+ Kb8 47. Qxh7 Qf8 48. Qd7 Qxc5 49. Qd3 Kb7 50. f4 exf4 51. gxf4 Qh5+
52. Ke3 Qc5+ 53. Qd4 Qc1+ 54. Kf3 Qh1+ 55. Kg3 Qe1+ 56. Kg4 Qe2+ 57. Kg5 Qg2+
58. Kf6 Qg4 59. e5 Qh4+ 60. Kf5 Qh5+ 61. Ke4 Qg6+ 62. Kf3 Qh5+ 63. Ke3 Qh3+ 64.
Kd2 Qg2+ 65. Kc3 Qf3+ 66. Kb4 Qh1 67. Kc5 Qc1+ 68. Qc4 Qg1+ 69. Kd6 Qg6+ 70. e6
Qe8 71. e7 Qg6+ 72. Kd7 Qf5+ 73. Qe6 Qd3+ 74. Ke8 Qc3 75. Kf7 1-0

[Event "43º Torneo Internacional de Ajedrez de La Roda"]
[Site "La Roda (Albacete) - ESPAÑA"]
[Date "2016.03.27"]
[Round "8"]
[Board "15"]
[White "Valmana Canto, Jaime"]
[Black "Figuero Toro, Julian Francisco"]
[Result "1-0"]
[WhiteElo "2405"]
[BlackElo "2230"]
[PlyCount "115"]
[EventDate "2016.03.23"]
[EventRounds "9"]
[EventCountry "ESP"]

1. b3 e5 2. Bb2 Nc6 3. e3 Nf6 4. Bb5 Bd6 5. Na3 Na5 6. Be2 a6 7. c4 c5 8. d3
Nc6 9. Nf3 O-O 10. O-O Re8 11. d4 e4 12. Nh4 Qc7 13. g3 cxd4 14. exd4 Bxa3 15.
Bxa3 d5 16. Re1 Bh3 17. Ng2 Bxg2 18. Kxg2 Rad8 19. c5 Qd7 20. Bc1 Qf5 21. Be3
h5 22. h3 Nb4 23. Qd2 Nd3 24. Rf1 Re6 25. b4 Rde8 26. a4 Nh7 27. b5 axb5 28.
axb5 Nf8 29. Ra7 R6e7 30. Ra3 Ng6 31. Rxd3 exd3 32. Bxd3 Qd7 33. Rc1 h4 34. g4
Qc7 35. Bg5 Re6 36. b6 Qb8 37. Bb5 R8e7 38. Bxe7 Rxe7 39. Re1 Nf4+ 40. Kh1
Rxe1+ 41. Qxe1 Ne6 42. Qe3 Qa8 43. Kg2 Qd8 44. f4 Qb8 45. f5 Nf8 46. Qf2 g5 47.
fxg6 Nxg6 48. Qe3 Kh7 49. Bd3 Kg7 50. Bxg6 Kxg6 51. Qe5 Qa8 52. Qxd5 Qa1 53.
Qf5+ Kg7 54. g5 Qa2+ 55. Kf3 Qb3+ 56. Kg4 Qg3+ 57. Kh5 Kh8 58. Kh6 1-0

[Event "43º Torneo Internacional de Ajedrez de La Roda"]
[Site "La Roda (Albacete) - ESPAÑA"]
[Date "2016.03.27"]
[Round "8"]
[Board "16"]
[White "Ladron De Guevara Pinto, Paolo"]
[Black "Rodriguez Melendez, Juan Humbe"]
[Result "1-0"]
[WhiteElo "2353"]
[BlackElo "2138"]
[PlyCount "79"]
[EventDate "2016.03.23"]
[EventRounds "9"]
[EventCountry "ESP"]

1. e4 c5 2. Nf3 d6 3. d4 cxd4 4. Nxd4 Nf6 5. Nc3 a6 6. h3 e5 7. Nde2 Be6 8. g4
d5 9. exd5 Nxd5 10. Bg2 Nxc3 11. Qxd8+ Kxd8 12. Nxc3 Nc6 13. Be3 Bb4 14. O-O-O+
Ke7 15. Nd5+ Bxd5 16. Bxd5 Rhd8 17. c3 Bd6 18. Bb6 Rd7 19. Rhe1 Kf6 20. Be4 g6
21. Rd2 h6 22. h4 Ke6 23. Bd5+ Kf6 24. f4 Re8 25. Bxc6 bxc6 26. fxe5+ Kg7 27.
Rxd6 Rxd6 28. exd6 Rxe1+ 29. Kd2 Re6 30. Bc7 Re5 31. c4 Re4 32. Kc3 Re3+ 33.
Kd4 Re1 34. Kc5 Rd1 35. Kxc6 Kf6 36. d7 Ke7 37. d8=Q+ Rxd8 38. Bxd8+ Kxd8 39.
Kd6 f6 40. h5 1-0

[Event "43º Torneo Internacional de Ajedrez de La Roda"]
[Site "La Roda (Albacete) - ESPAÑA"]
[Date "2016.03.27"]
[Round "8"]
[Board "17"]
[White "Esplugas Esteve, Vicenc"]
[Black "Lopez Rivera, Jesus"]
[Result "1/2-1/2"]
[WhiteElo "2256"]
[BlackElo "2337"]
[PlyCount "108"]
[EventDate "2016.03.23"]
[EventRounds "9"]
[EventCountry "ESP"]

1. d4 Nf6 2. c4 g6 3. Nc3 Bg7 4. e4 d6 5. Nge2 O-O 6. Ng3 e5 7. d5 a5 8. Be2
Na6 9. h4 c6 10. h5 cxd5 11. cxd5 Bd7 12. Be3 Rc8 13. h6 Bh8 14. O-O Nc5 15. f4
exf4 16. Rxf4 Ne8 17. Qd2 Be5 18. Raf1 Bxf4 19. Rxf4 f6 20. Bd4 Qe7 21. Nd1 b6
22. Ne3 Rf7 23. b3 Rb8 24. Ng4 Bc8 25. Qc3 Bxg4 26. Bxg4 Qf8 27. Bxc5 bxc5 28.
Be6 Qxh6 29. Rf3 Ra8 30. e5 dxe5 31. Ne4 Qh4 32. Qc4 Qe1+ 33. Kh2 Qb4 34. Nxf6+
Nxf6 35. Rxf6 Raf8 36. Bxf7+ Rxf7 37. Rc6 Rf4 38. Qxb4 cxb4 39. Rc5 Kg7 40.
Rxa5 Rd4 41. Kg3 Kf6 42. Kf3 Kf5 43. Ra7 Rd3+ 44. Ke2 Rxd5 45. Rxh7 Ra5 46. Rb7
Rxa2+ 47. Kf3 Rc2 48. Rxb4 Rc3+ 49. Kf2 e4 50. Rb8 Rc2+ 51. Kg3 Rc3+ 52. Kf2 g5
53. b4 Rc2+ 54. Kg3 Rc3+ 1/2-1/2

[Event "43º Torneo Internacional de Ajedrez de La Roda"]
[Site "La Roda (Albacete) - ESPAÑA"]
[Date "2016.03.27"]
[Round "8"]
[Board "18"]
[White "Collazo Hidalgo-Gato, Niala"]
[Black "Alshameary Puente, Ismael"]
[Result "0-1"]
[WhiteElo "2231"]
[BlackElo "2335"]
[PlyCount "106"]
[EventDate "2016.03.23"]
[EventRounds "9"]
[EventCountry "ESP"]

1. e4 c5 2. Nf3 d6 3. d4 cxd4 4. Nxd4 Nf6 5. Nc3 a6 6. h3 e5 7. Nde2 h5 8. g3
Be6 9. Bg2 Nbd7 10. O-O Rc8 11. a4 Be7 12. Be3 Nb6 13. b3 d5 14. Bxb6 Qxb6 15.
Nxd5 Nxd5 16. exd5 Bf5 17. c4 Bb4 18. Kh2 O-O 19. Ra2 Qd6 20. Nc1 Qg6 21. Bf3
h4 22. Bg4 b5 23. Bxf5 Qxf5 24. axb5 axb5 25. Nd3 Bd6 26. Ra6 Rfd8 27. Nb2 e4
28. Qg4 hxg3+ 29. Kh1 g2+ 30. Kxg2 Qe5 31. Rg1 Ra8 32. Rxa8 Rxa8 33. Nd1 Ra2
34. c5 Bxc5 35. Qc8+ Bf8 36. Qc3 Qxd5 37. Ne3 Qe6 38. Ng4 f5 39. Ne5 Qb6 40.
Rf1 Qc5 41. Qg3 Bd6 42. Nd7 Bxg3 43. Nxc5 Bd6 44. Ne6 Rd2 45. Rc1 Kf7 46. Ng5+
Ke7 47. h4 Kd7 48. Kf1 Rd3 49. Rb1 b4 50. Ke2 Bf4 51. Rd1 Rxd1 52. Kxd1 Bxg5
53. hxg5 f4 0-1

[Event "43º Torneo Internacional de Ajedrez de La Roda"]
[Site "La Roda (Albacete) - ESPAÑA"]
[Date "2016.03.27"]
[Round "8"]
[Board "19"]
[White "Jimenez Ramallo, Francisco J"]
[Black "Fontana Sotomayor, Luis Javier"]
[Result "1/2-1/2"]
[WhiteElo "1914"]
[BlackElo "2315"]
[PlyCount "48"]
[EventDate "2016.03.23"]
[EventRounds "9"]
[EventCountry "ESP"]

1. c4 f5 2. Nc3 Nf6 3. g3 e6 4. Bg2 c6 5. Nf3 d5 6. d4 Bd6 7. O-O O-O 8. cxd5
exd5 9. Bf4 Ne4 10. e3 Be7 11. Bxb8 Rxb8 12. Ne2 Be6 13. Nf4 Bf7 14. Ne5 Bd6
15. Nfd3 Qe8 16. f3 Nf6 17. b4 Nd7 18. Nxd7 Qxd7 19. f4 Qe7 20. Qd2 b6 21. Rac1
Rbc8 22. Rc2 Rc7 23. Rfc1 Rfc8 24. Kf2 Be6 1/2-1/2

[Event "43º Torneo Internacional de Ajedrez de La Roda"]
[Site "La Roda (Albacete) - ESPAÑA"]
[Date "2016.03.27"]
[Round "8"]
[Board "21"]
[White "Martinez Reyes, Pedro Ramon"]
[Black "Fernandez Seco, Julian"]
[Result "1-0"]
[WhiteElo "2315"]
[BlackElo "2034"]
[PlyCount "99"]
[EventDate "2016.03.23"]
[EventRounds "9"]
[EventCountry "ESP"]

1. e4 e5 2. Nf3 Nc6 3. Bb5 Nge7 4. Nc3 g6 5. h4 a6 6. Bc4 h6 7. d4 exd4 8. Nxd4
Bg7 9. Be3 d6 10. Qd2 Ne5 11. Be2 Be6 12. f4 N5c6 13. g4 Nxd4 14. Bxd4 f6 15.
h5 g5 16. O-O-O Qd7 17. fxg5 hxg5 18. h6 Rxh6 19. Rxh6 Bxh6 20. Rh1 Bg7 21. Rh7
Ng8 22. Nd5 Bxd5 23. exd5 Kf8 24. Qd1 Re8 25. Bd3 Re7 26. b3 Bh6 27. Bf5 Qe8
28. Rxe7 Qxe7 29. Qf1 Bg7 30. Be6 Nh6 31. Qf2 Nf7 32. Bc3 Nd8 33. Bf5 c6 34.
Qa7 cxd5 35. Qd4 Qe5 36. Qd3 Qf4+ 37. Kb2 d4 38. Bxd4 Nc6 39. Bc3 b5 40. Qd5 b4
41. Qxc6 bxc3+ 42. Kxc3 Qe5+ 43. Kb4 a5+ 44. Ka4 Kf7 45. Qd7+ Kg8 46. Be6+ Kh7
47. Qe8 Qd4+ 48. c4 Bh8 49. Bf5+ Kg7 50. Qe7+ 1-0

[Event "43º Torneo Internacional de Ajedrez de La Roda"]
[Site "La Roda (Albacete) - ESPAÑA"]
[Date "2016.03.27"]
[Round "9"]
[Board "1"]
[White "Baklan, Vladimir"]
[Black "Grigoryan, Karen H."]
[Result "1/2-1/2"]
[WhiteElo "2617"]
[BlackElo "2612"]
[PlyCount "31"]
[EventDate "2016.03.23"]
[EventRounds "9"]
[EventCountry "ESP"]

1. e4 e5 2. Nf3 Nc6 3. Bb5 Nf6 4. O-O Nxe4 5. Re1 Nd6 6. Nxe5 Be7 7. Bf1 Nxe5
8. Rxe5 O-O 9. Nc3 Ne8 10. Nd5 Bd6 11. Re1 c6 12. Ne3 Bc7 13. Nf5 d5 14. Ne7+
Kh8 15. Nxc8 Rxc8 16. d3 1/2-1/2

[Event "43º Torneo Internacional de Ajedrez de La Roda"]
[Site "La Roda (Albacete) - ESPAÑA"]
[Date "2016.03.27"]
[Round "9"]
[Board "2"]
[White "Granda Zuniga, Julio E"]
[Black "Popovic, Dusan"]
[Result "1/2-1/2"]
[WhiteElo "2688"]
[BlackElo "2536"]
[PlyCount "117"]
[EventDate "2016.03.23"]
[EventRounds "9"]
[EventCountry "ESP"]

1. b3 d6 2. Bb2 e5 3. c4 g6 4. d4 Bg7 5. dxe5 Nd7 6. Nc3 dxe5 7. g3 Ngf6 8. Bg2
O-O 9. Nh3 h6 10. O-O c6 11. Qc2 Re8 12. Rad1 Qc7 13. f3 a5 14. Nf2 Nc5 15. Ba3
Bf8 16. Qc1 h5 17. Kh1 b6 18. Qe3 Bf5 19. Bb2 Rad8 20. Rxd8 Rxd8 21. h3 Bg7 22.
g4 Bc8 23. Rd1 Rxd1+ 24. Ncxd1 Nh7 25. gxh5 gxh5 26. f4 exf4 27. Qe8+ Nf8 28.
Qxc6 Qxc6 29. Bxc6 Bxb2 30. Nxb2 Bf5 31. Nbd1 Kg7 32. Bf3 h4 33. Nc3 Kf6 34.
Kg2 Ke5 35. Ng4+ Kd6 36. Nb5+ Ke7 37. Ne5 Nfe6 38. Nc6+ Kf6 39. Nc3 Kg5 40. Ne7
Nd4 41. Ned5 Nxf3 42. exf3 Nd3 43. Nxb6 Ne1+ 44. Kf2 Nd3+ 45. Ke2 Nc5 46. Nba4
Nxa4 47. Nxa4 Bxh3 48. Kf2 Kf6 49. Nc5 Bc8 50. Nd3 Kf5 51. Kg2 Bb7 52. a3 h3+
53. Kxh3 Bxf3 54. Nf2 Ke5 55. b4 axb4 56. axb4 Kd4 57. Kh2 Kxc4 58. Nh3 Kxb4
59. Nxf4 1/2-1/2